Trivial 'Her'-suit Quiz Stats

Quiz Updated Jan 19, 2013

Also try: Women on Stamps
Challenge
Share
Tweet
Embed
Score 0/36 Timer 07:00
2 Plays Today
% Correct
Anne Frank
89%
Oprah Winfrey
88.1%
Beyoncé Knowles
82.8%
Amelia Earhart
82.1%
Cleopatra
82%
Rosa Parks
80.9%
Venus Williams
79.4%
Agatha Christie
69.5%
Heidi Klum
60.8%
Marie Curie
58.8%
Sylvia Plath
58.5%
Madonna
57.8%
Sacagawea
57.6%
Danica Patrick
57.4%
Susan B. Anthony
55.9%
Lady Godiva
55.1%
Margaret Mitchell
53.8%
Billie Jean King
48.2%
% Correct
Sally Ride
48%
Emily Dickinson
43.4%
Clara Barton
42.8%
Kathryn Bigelow
38.4%
Mary Lou Retton
35.9%
Marion Jones
30%
S.E. Hinton
25.3%
Ella Fitzgerald
25.3%
Jennie Finch
16.8%
Samantha Brown
16.3%
Margaret Sanger
14%
Hedy Lamarr
8.7%
Diane Arbus
7.6%
Nellie Bly
7.3%
Elizabeth Blackwell
6%
Grace Hopper
3.5%
Beryl Markham
3.1%
Barbara Hillary
1.7%

You're not logged in!

Compare scores with friends on all Sporcle quizzes.
Join for Free
OR
Log In

You Might Also Like...

Show Comments

Extras

Top Quizzes Today


Score Distribution

Your Account Isn't Verified!

In order to create a playlist on Sporcle, you need to verify the email address you used during registration. Go to your Sporcle Settings to finish the process.

Report this User

Report this user for behavior that violates our Community Guidelines.

Details: